Southville International School and Colleges
Your cart is empty.
  • Cart
  • Lists
    Public lists Eva Luna New books Lux_list list_1
    Your lists Log in to create your own lists
  • Log in to your account
  • Your cookies
  • Search history
Southville International School and Colleges
  • Advanced search
  • Recent comments
  • Most popular
  • Libraries

Log in to your account

Log in with GOOGLE


If you do not have an external account, but do have a local account, you can still log in:

  1. Home
  2. MARC view: The continuity of freedom :
Normal view MARC view ISBD view

The continuity of freedom : (Record no. 12671)

[ view plain ]
MARC details
000 -LEADER
fixed length control field 00570nam a2200169 a 4500
005 - DATE AND TIME OF LATEST TRANSACTION
control field 20140310182404.0
008 - FIXED-LENGTH DATA ELEMENTS--GENERAL INFORMATION
fixed length control field 970101s19uu xx 00 eng d
020 ## - INTERNATIONAL STANDARD BOOK NUMBER
International Standard Book Number 971-892705-0
050 ## - LIBRARY OF CONGRESS CALL NUMBER
Classification number DS 686.614
Item number .R175 1998
100 ## - MAIN ENTRY--PERSONAL NAME
Personal name Ramos, Fidel V.
245 ## - TITLE STATEMENT
Title The continuity of freedom :
Remainder of title a democratic and reformist society is our unique competitive advantage /
Statement of responsibility, etc Fidel V. Ramos.
260 ## - PUBLICATION, DISTRIBUTION, ETC. (IMPRINT)
Place of publication, distribution, etc Manila :
Name of publisher, distributor, etc F.G. Cabading,
Date of publication, distribution, etc 1998.
300 ## - PHYSICAL DESCRIPTION
Extent Vll, 400 p., 22 cm.
500 ## - GENERAL NOTE
General note Includes index.
650 ## - SUBJECT ADDED ENTRY--TOPICAL TERM
Topical term or geographic name as entry element Philippines .President (1992-1998 ;Ramos)
942 ## - ADDED ENTRY ELEMENTS (KOHA)
Koha item type Books
Source of classification or shelving scheme Library of Congress Classification
Holdings
Withdrawn status Lost status Source of classification or shelving scheme Damaged status Home library Current library Shelving location Date acquired Total Checkouts Full call number Barcode Date last seen Price effective from Koha item type
    Library of Congress Classification   Luxembourg Library Luxembourg Library Filipiniana Section 01/01/1997   DS 686.614 .R175 1998 2317 05/25/2015 10/10/2013 Books

The continuity of freedom :

APA

Ramos F. V., . (1998). The continuity of freedom. Manila: F.G. Cabading.

Chicago

Ramos Fidel V, . 1998. The continuity of freedom. Manila: F.G. Cabading.

Harvard

Ramos F. V., . (1998). The continuity of freedom. Manila: F.G. Cabading.

MLA

Ramos Fidel V, . The continuity of freedom. Manila: F.G. Cabading. 1998.

  • Place hold
  • Print
  • Cite
  • Add to your cart (remove)
  • Save record
    BIBTEX Dublin Core MARCXML MARC (non-Unicode/MARC-8) MARC (Unicode/UTF-8) MARC (Unicode/UTF-8, Standard) MODS (XML) RIS
  • More searches
    Search for this title in:
    Other Libraries (WorldCat) Other Databases (Google Scholar) Online Stores (Bookfinder.com) Open Library (openlibrary.org)

Exporting to Dublin Core...

SOUTHVILLE LIBRARY

Southville International School and Colleges Library

1281 Tropical Ave. Cor. Luxembourg St., BF Homes International, Las Pinas City

Tel. No. 8256374 / 252358 Loc. 117/146

Powered by Koha